000 00620nam a2200181Ia 4500
008 151202s9999||||xx |||||||||||||| ||und||
082 _bPNVM-14520
100 _aपंडित रघुनाथ.
245 _aदमयंती स्वयंवर.
260 _b"कॉन्टिनेंटल प्रकाशन, पुणे."
260 _c1959
300 _a107
600 _aपंडित रघुनाथ.
630 _aदमयंती स्वयंवर.
700 _aपंडित रघुनाथ.
730 _aदमयंती स्वयंवर.
942 _cBOOK
999 _c1280505
_d1280502